00773nam a22002297a 450000500170000001000130001702000220003003500130005203700160006504000120008108200170009310000280011024500410013826000490017927000550022830000220028365000190030565000330032494200260035799900190038395201410040220170124110203.0 aB-108021 c20.00a8187326271 aB-108021 bCen Lib/Ret aDPLbEN a181.499bKRI aKrishnamurti, J.974217 aBeyond violence /cby J.Krishnamurti aChennaibKrishnamurti Foundation Indiac2002 bChennaiaVasanta Vihar, 64 Greenways Roade600 028 a186p. c18cm(pbk) aLiberty936677 aKnowledge-- Sociology936678 2ddccENh181.499mKRI c133057d133057 00104070aLbLd2015-07-24eCen Lib/Retg20.00l5m1o181.499 KRIpB-108021r2024-10-18 00:00:00s2024-09-20t1v20.00w2015-07-24yEN